Moskwa - quiz wielokrotnego wyboru - Statystyki

Ogólne statystyki
  • Ten quiz został rozwiązany 819 razy
  • Średni wynik to 7 z 10
Statystyki odpowiedzi
Zagadnienie Odpowiedź % Poprawnych
Czyje zabalsamowane ciało można oglądać w pobliżu Placu Czerwonego? Włodzimierza Lenina
91%
W którym roku Moskwa gościła Letnie Igrzyska Olimpijskie? 1980
88%
Kto podbił Moskwę w 1812 r., ale został zmuszony do odwrotu po spaleniu miasta przez jej mieszkańców? Francuzi
80%
Co jest wyjątkowego w moskiewskim metrze? Posiada żyrandole
74%
Kto przeniósł stolicę z Moskwy do Petersburga w XVIII w? Piotr I Wielki
73%
Jaki jest najsłynniejszy teatr operowy i baletowy w Moskwie? Teatr Bolszoj
67%
Jaka państwowa stolica jest położona najbliżej Moskwy? Mińsk
65%
Która z poniższych rzek płynie przez Moskwę? Moskwa
62%
Jaki park "kultury i wypoczynku" został otwarty przez Sowietów w 1928 roku? Park Gorkiego
48%
Czyim imieniem jest nazwana najbardziej znana moskiewska katedra? Św. Bazylego
35%
Nie znaleziono quizów pasujących do podanych kryteriów
Rozkład punktacji
Procent ludzi z każdym wynikiem
Percentyl według liczby udzielonych odpowiedzi
Twoja historia wyników
Nie rozwiązałeś tego quizu